000 00385nam a22001457a 4500
005 20250530174542.0
008 250530b |||||||| |||| 00| 0 eng d
020 _a9780802413017
050 _aBV4501
_b.2 BRO
100 _aBROOKS, KETTH L.
245 _aCHRISTIAN CHARACTER COURSE
260 _aUSA
_bTHE MOODY BIBLE INSTITUTE OF CHICAGO
_cc1961
300 _a48p
942 _2lcc
_cBK
_n0
999 _c6084
_d6084